<?xml version="1.0" encoding="UTF-8"?><?xml-stylesheet type="text/xsl" href="static/style.xsl"?><OAI-PMH xmlns="http://www.openarchives.org/OAI/2.0/" xmlns:xsi="http://www.w3.org/2001/XMLSchema-instance" xsi:schemaLocation="http://www.openarchives.org/OAI/2.0/ http://www.openarchives.org/OAI/2.0/OAI-PMH.xsd"><responseDate>2026-06-05T14:41:04Z</responseDate><request verb="GetRecord" identifier="oai:riuma.uma.es:10630/18504" metadataPrefix="marc">https://riuma.uma.es/rest/oai/request</request><GetRecord><record><header><identifier>oai:riuma.uma.es:10630/18504</identifier><datestamp>2026-02-03T12:31:17Z</datestamp><setSpec>com_10630_2254</setSpec><setSpec>col_10630_37959</setSpec></header><metadata><record xmlns="http://www.loc.gov/MARC21/slim" xmlns:dcterms="http://purl.org/dc/terms/" xmlns:doc="http://www.lyncode.com/xoai" xmlns:xsi="http://www.w3.org/2001/XMLSchema-instance" xsi:schemaLocation="http://www.loc.gov/MARC21/slim http://www.loc.gov/standards/marcxml/schema/MARC21slim.xsd">
   <leader>00925njm 22002777a 4500</leader>
   <datafield ind2=" " ind1=" " tag="042">
      <subfield code="a">dc</subfield>
   </datafield>
   <datafield ind2=" " ind1=" " tag="720">
      <subfield code="a">Sumalavia, Ricardo</subfield>
      <subfield code="e">author</subfield>
   </datafield>
   <datafield ind2=" " ind1=" " tag="260">
      <subfield code="c">2019-10-01</subfield>
   </datafield>
   <datafield ind2=" " ind1=" " tag="520">
      <subfield code="a">Ho Kyun (1569-1618) &#xd;
¿Es posible articular una “lectura globalizada” de dos novelas fundamentales del siglo XVII, una española y otra coreana? Esta conferencia pretende establecer nuevos nexos entre la novela El Ingenioso hidalgo Don Quijote de La Mancha, de Miguel de Cervantes Saavedra (1547-1616), escrita en el ámbito de un reino donde la interculturalidad y la colonización estuvieron muy presentes desde sus inicios, y la novela Historia de Hong Kildong, de Ho Kyun (1569-1618), redactada íntegramente en hangul, y no en caracteres chinos como era la práctica, como un acto de resistencia y reivindicación de la cultura coreana ante los periodos de invasión japonesa de fines del siglo XVI.</subfield>
   </datafield>
   <datafield ind1="8" ind2=" " tag="024">
      <subfield code="a">https://hdl.handle.net/10630/18504</subfield>
   </datafield>
   <datafield tag="653" ind2=" " ind1=" ">
      <subfield code="a">España - Relaciones culturales - Corea</subfield>
   </datafield>
   <datafield tag="653" ind2=" " ind1=" ">
      <subfield code="a">Literatura española - S. XVI-XVII</subfield>
   </datafield>
   <datafield tag="653" ind2=" " ind1=" ">
      <subfield code="a">Literatura coreana</subfield>
   </datafield>
   <datafield ind2="0" ind1="0" tag="245">
      <subfield code="a">Hibridaciones culturales: Hong Kildong y el Quijote, la construcción de héroes y antihéroes en las novelas coreanas e hispanas</subfield>
   </datafield>
</record>
</metadata></record></GetRecord></OAI-PMH>